| 000 | 00839nam a2200313 a 4500 | ||
|---|---|---|---|
| 003 | AR-BaBNM | ||
| 005 | 20251128204653.0 | ||
| 008 | 082120s2002 ||||||||||||||000 | spa|| | ||
| 020 | _a950-9693-31-6 | ||
| 040 | _cAR-BaBNM | ||
| 100 | 1 | _aAmbrosetti, Juan B. | |
| 245 | 0 | 0 | _aSupersticiones y leyendas |
| 250 | _a1ª ed. | ||
| 260 |
_aBuenos Aires _bEdiciones Cinco _c1994 |
||
| 300 | _a157 p. | ||
| 490 | 0 | _aIdentidad nacional | |
| 500 | _aContiene referencias bibliográficas en p. 17 | ||
| 650 | 4 | _aFOLKLORE | |
| 650 | 4 | _aANTROPOLOGIA CULTURAL Y SOCIAL | |
| 650 | 4 | _aLEYENDAS | |
| 650 | 4 | _aCOSTUMBRES Y TRADICIONES | |
| 650 | 4 | _aSUPERSTICION | |
| 650 | 4 | _aLITERATURA FOLKLORICA | |
| 650 | 4 | _aMITOLOGIA | |
| 650 | 4 | _aCULTURAS TRADICIONALES | |
| 700 | 1 |
_aPalma, Jorge _eprologuista |
|
| 942 | _cBK | ||
| 998 | _cMARTIN | ||
| 999 |
_c8327 _d8327 |
||